| Tag |
First Indicator |
Second Indicator |
Subfields |
| LEADER |
00000cam a2200000 a 4500 |
| 001 |
in00002016129 |
| 005 |
20151031152716.0 |
| 008 |
041214m19979999ec a b 001 0 spa d |
| 010 |
|
|
|a 98176061
|
| 020 |
|
|
|a 9978770569 (obra completa)
|
| 020 |
|
|
|a 9978770569 (v. 1)
|
| 020 |
|
|
|a 9978770836 (v. 20)
|
| 035 |
|
|
|a (OCoLC)ocm39068478
|
| 035 |
|
|
|a (OCoLC)39068478
|
| 040 |
|
|
|a HMZ
|c DLC
|d AGL
|d OCLCQ
|d UBA
|d TXA
|d UtOrBLW
|
| 042 |
|
|
|a lccopycat
|
| 043 |
|
|
|a s-ec---
|
| 049 |
|
|
|a TXAM
|
| 050 |
0 |
0 |
|a QL554.E2
|b P56 1997
|
| 070 |
0 |
|
|a QL554.E2
|b P56 1997
|
| 072 |
|
0 |
|a L700
|
| 072 |
|
0 |
|a L001
|
| 082 |
0 |
0 |
|a 595.78/09866
|2 21
|
| 100 |
1 |
|
|a Piñas Rubio, Francisco.
|
| 245 |
1 |
0 |
|a Mariposas del Ecuador /
|c Francisco Piñas Rubio, Iván Manzano Pesántez.
|
| 246 |
1 |
|
|a Butterflies & moths of Ecuador
|
| 246 |
3 |
|
|a Butterflies and moths of Ecuador
|
| 264 |
|
1 |
|a Quito :
|b Centro de Publicaciones, Pontificia Universidad Católica del Ecuador,
|c 1997-<2000>
|
| 300 |
|
|
|a volumes <1, 20> :
|b color illustrations ;
|c 22-27 cm.
|
| 336 |
|
|
|a text
|b txt
|2 rdacontent
|
| 337 |
|
|
|a unmediated
|b n
|2 rdamedia
|
| 338 |
|
|
|a volume
|b nc
|2 rdacarrier
|
| 490 |
1 |
|
|a Publicación especial ;
|v 3,4
|
| 500 |
|
|
|a Volume 1: 1st edition.
|
| 500 |
|
|
|a At head of title: Pontificia Universidad Católica del Ecuador, Sereis [sic] mis testigos.
|
| 500 |
|
|
|a Volume 20 has parallel title: Butterflies & moths of Ecuador.
|
| 500 |
|
|
|a On title page: Pontificia Universidad Católica del Ecuador, Facultad de Ciencias Exactas y Naturales, Departamento de Ciencias Biológicas.
|
| 500 |
|
|
|a Volume 20- published by: Museo de Zoología, Centro de Biodiversidad y Ambiente, Departamento de Ciencias Biológicas, Pontificia Universidad Católica del Ecuador.
|
| 504 |
|
|
|a Includes bibliographical references and index.
|
| 505 |
1 |
|
|a v. 1. Géneros -- v. 10a. Family: Paplionidae -- v. 20. Familia--Arctiidae, subfamilias--Arctiinae y Pericopinae = Family--Arctiidae, subfamilies--Arctiinae and Pericopinae / Francisco Piñas R. ... [et al.].
|
| 650 |
|
0 |
|a Lepidoptera
|z Ecuador.
|
| 650 |
|
7 |
|a Lepidoptera
|z Equador.
|2 larpcal
|
| 700 |
1 |
|
|a Manzano Pesántez, Iván.
|
| 710 |
2 |
|
|a Pontificia Universidad Católica del Ecuador.
|b Departamento de Ciencias Biológicas.
|
| 830 |
|
0 |
|a Publicación especial (Pontificia Universidad Católica del Ecuador. Museo de Zoología) ;
|v 3.
|
| 830 |
|
0 |
|a Publicación especial (Pontificia Universidad Católica del Ecuador. Museo de Zoología) ;
|v 4.
|
| 994 |
|
|
|a C0
|b TXA
|
| 948 |
|
|
|a cataloged
|b h
|c 2005/5/4
|d c
|e bwalker
|f 11:43:26 am
|
| 999 |
|
|
|a MARS
|
| 999 |
f |
f |
|s b001633d-658e-3b98-ad2a-bb5cfd6e0741
|i 5becf309-332b-3a0b-8ed3-61c81ed03916
|t 0
|
| 952 |
f |
f |
|p ric
|a Texas A&M University
|b Rellis Campus
|c Joint Library Facility
|d Remote Storage
|t 0
|e QL554.E2 P56 1997
|h Library of Congress classification
|i unmediated -- volume
|k v.10a
|m A14832626342
|
| 998 |
f |
f |
|a QL554.E2 P56 1997
|s v.10a
|t 0
|l Remote Storage
|